000 01840nam0a2200397 4500
001 RU\NLR\bibl\1373601
005 20250615191248.0
010 _a978-5-86781-577-6
_91000
021 _aRU
_b2009-24288
_91438
035 _a(nilc)RSL-KNO-004269512
035 _aEL/0000261143
035 _a(NLR Aleph) 001365719
090 _a1009587
_c1009587
100 _a20090331d2008 |||y0rusy50 ca
101 0 _arus
102 _aRU
105 _aa |||||||||
200 1 _aФормирование и развитие бухгалтерского учета и аудита интеллектуальных активов (теория и методология)
_eмонография
_fС.А. Кузубов
_gМ-во образования и науки Рос. Федерации, Федер. агентство по образованию, ГОУ ВПО "Магнитог. гос. ун-т"
210 _aМагнитогорск
_cИзд-во Магнитогорского государственного университета
_d2008
215 _a231 с.
_cил.
_d20
320 _aБиблиогр.: с. 218-223 (131 назв.)
606 1 _aНематериальные активы
_xБухгалтерский учет
_yРоссийская Федерация
_92283620
_3RU\NLR\auth\661368048
686 _aУ052.9(2)20-14,0
_2rubbk
686 _a65.052.231.13в
_vLBC/M
_2rubbk
686 _a06.35.31
_2rugasnti
686 _aУ052.9(2)2-148.6
686 _aУ052.9(2)2-218
700 1 _aКузубов
_bС. А.
_gСергей Анатольевич
_4070
801 0 _aRU
_bРГБ
_c20090331
_grcr
801 1 _aRU
_bРГБ
_c20090331
801 2 _aRU
_bЧелябинская ОУНБ
_c20090422
_2rusmarc
801 2 _aRU
_bNLR
_c20090527
_grcr
830 _aавт. по кн.
942 _cBOOK
980 _aNB